[Event "IECC O email"]
[Site "IECC email"]
[Date "2002.03.04"]
[Round "?"]
[White "Auld, Calum"]
[Black "Richard, Andy"]
[Result "1-0"]
[WhiteElo "1100"]
[BlackElo "1155"]
[PlyCount "23"]
[EventDate "2002.??.??"]
[EventType "tourn (corr)"]
[EventRounds "6"]
[SourceTitle "Corr 2008"]
[Source "ChessBase"]
[SourceDate "2008.06.24"]
[SourceVersion "1"]
[SourceVersionDate "2008.06.24"]
[SourceQuality "1"]

1. e4 c6 2. d4 d5 3. e5 Bf5 4. Nc3 e6 5. g4 Bg6 6. Nge2 c5 7. Bg2 Nc6 8. a3 cxd4 9. Nxd4 Nxe5 10. Bf4 Qf6 11. Bg3 Nc6 12. Ndb5 1-0

[Event "IECC M email"]
[Site "IECC email"]
[Date "2001.10.17"]
[Round "?"]
[White "Lafargue, Philippe"]
[Black "Auld, Calum"]
[Result "0-1"]
[WhiteElo "984"]
[BlackElo "1024"]
[PlyCount "56"]
[EventDate "2001.??.??"]
[EventType "tourn (corr)"]
[EventRounds "6"]
[SourceTitle "Corr 2008"]
[Source "ChessBase"]
[SourceDate "2008.06.24"]
[SourceVersion "1"]
[SourceVersionDate "2008.06.24"]
[SourceQuality "1"]

1. e4 e5 2. Nf3 Qf6 3. Bc4 Bc5 4. 0-0 Ne7 5. d3 d6 6. Bg5 Qg6 7. Bxe7 Kxe7 8. Nc3 Be6 9. Nb5 Bb6 10. d4 Bxc4 11. Nc3 Bxf1 12. Kxf1 exd4 13. Nd5+ Kd7 14. Nxb6+ axb6 15. Qxd4 Kc8 16. c4 Re8 17. Re1 Nc6 18. Qd5 Ra5 19. Qd3 Ne5 20. Nxe5 Raxe5 21. f3 c5 22. Qa3 f5 23. Qa7 fxe4 24. Qxb6 exf3 25. Rxe5 Qxg2+ 26. Ke1 Rxe5+ 27. Kd1 Re1+ 28. Kxe1 Qe2# 0-1